| 000 | 00447nam a2200193Ia 4500 | ||
|---|---|---|---|
| 005 | 20250603144928.0 | ||
| 008 | 250603s9999 xx 000 0 und d | ||
| 020 | _a9781292025445 | ||
| 050 | _aQA 76.9 .M65 .Q56/ | ||
| 100 | _aQuinn, Mike | ||
| 245 | 0 | _aEthics for the information age | |
| 250 | _a5th ed. | ||
| 260 | _aUnited States | ||
| 260 | _bPearson | ||
| 260 | _c2014 | ||
| 300 | _a439 p | ||
| 650 | _aUnited States | ||
| 942 | _cBK | ||
| 999 |
_c40366 _d40366 |
||